Normal view MARC view
  • Rodríguez Nieto, Oscar,

Entry Nombre Personal

Number of records used in: 1

001 - NUMERO DE CONTROL

  • campo de control: 39837

003 - IDENTIFICADOR DE NUMERO DE CONTROL

  • campo de control: UPN

005 - FECHA Y HORA DE LA ÜLTIMA TRANSACCIÓN

  • campo de control: 20210219194550.0

008 - DATOS DE LONGITUD FIJA

  • campo de control de longitud fija: nabaccnnaabn|||||||||| b |nc|||||d

035 ## - NUMERO DE CONTROL

  • Número de control: UPN11000011944

040 ## - FUENTE DE CATALOGACIÓN

  • Lenguaje de catalogación: SPA
  • Agencia de transcripción: UPN

100 1# - ENCABEZAMIENTO - NOMBRE PERSONAL

  • Nombre personal: Rodríguez Nieto, Oscar,
  • Fechas asociadas con el nombre: 1965-

670 ## - FUENTE EN LA QUE SE LOCALIZARON DATOS

  • Cita de la fuente: T
  • Uniform Resource Identifier: https://es.literaturasm.com/autor/oscar-rodriguez-nieto

680 ## - NOTA PUBLICA DE ACCESO PÚBLICO

  • Frase explicativa de la referencia: Ingeniero industrial, economista, escritor y profesor universitario colombiano

902 ## - CATALOGADOR

  • Catalogador: CAA/220217